00568nam a2200157Ia 4500003000400000005001700004008004100021040001800062041000800080082001600088100004000104245018400144260002200328600003000350650003000380OSt20260328111334.0211028s2010 xx 000 0 und d cAIMIT LIBRARY aeng a658.15 JOSP aJoshi, Prabhat;Dhananjay K.g816031 aCreating awareness and identifying the potential donors who are willing to meet the inadequacy of funds of akshaya patra, Mangalore for the distribution of mid- day meal scheme / bDhananjay Kc2010 aHuman Resource Management aHuman Resource Management